• 首页
  • 本馆介绍
  • 公告通知
  • 最新文献
  • 馆藏检索
  • 电子资源
  • 读者导购
  • 参考咨询
  • 我的图书馆
  • 登录
  • 详细信息显示
  • 放入我的书架
  • 预约/预借图书
  • 作者相关作品
  • 分类相关作品
  • 丛书相关作品
  • 出版社相关作品

书目信息

  • 表格格式
  • 工作单格式
  • 卡片格式
题名:
最新居住区景观设计
    
 
作者: 肖娟 主编
分册:  
出版信息: 武汉   华中科技大学出版社  2014
页数: 311页
开本: 31cm
丛书名:
单 册:
中图分类: TU984.12-64
科图分类:
主题词: 居住区--图集--景观设计--中国
电子资源:
ISBN: 978-7-5609-9939-5
000 00904nam0 2200241 450
001 814
005 20160912094529.64
010    @a978-7-5609-9939-5@b精装@dCNY328.00
100    @a20140830d2014 em y0chiy50 ea
101 0  @achi
102    @aCN@b420000
105    @aa z 000yy
200 1  @a最新居住区景观设计@9zui xin ju zhu qu jing guan she ji@f肖娟主编
210    @a武汉@c华中科技大学出版社@d2014
215    @a311页@d31cm
312    @a封面英文题名:The latest landscape desing of residence
330    @a本书精选了近50个国内近一两年优秀的居住区景观设计案例,并将其按风格分类,包括现代设计风格、新中式设计风格、欧式风格、东南亚风格、北美风格等7种风格。
510 1  @aLatest landscape desing of residence@zeng
606 0  @a居住区@j图集@x景观设计@y中国
690    @aTU984.12-64@v5
701  0 @a肖娟@9xiao juan@4主编
801  0 @aCN@b唐山师范学院图书馆@c20160724
905    @aZUCC@dTU984.12-64@e804
    
    最新居住区景观设计/肖娟主编.-武汉:华中科技大学出版社,2014
    311页;31cm
    
    
    ISBN 978-7-5609-9939-5(精装):CNY328.00
    本书精选了近50个国内近一两年优秀的居住区景观设计案例,并将其按风格分类,包括现代设计风格、新中式设计风格、欧式风格、东南亚风格、北美风格等7种风格。
●
相关链接 在E读中查询图书 在五车中查询图书 在当当中查询图书 在豆瓣中查询图书


正题名:最新居住区景观设计     索取号:TU984.12-64/804         预约/预借

序号 登录号 条形码 馆藏地/架位号 状态 备注
1 903580   209035809   第二样本阅览室/ [索取号:TU984.12-64/804] 在馆    
2 903581   209035818   密集书库-生命科学系/ [索取号:TU984.12-64/804] 在馆    
3 903582   209035827   第三借阅区/ [索取号:TU984.12-64/804] 在馆    
4 903583   209035836   第三借阅区/ [索取号:TU984.12-64/804] 在馆    
5 903584   209035845   第三借阅区/ [索取号:TU984.12-64/804] 在馆    
唐山师范学院图书馆 欢迎您!
大连网信软件有限公司© 版权所有